"A" Pair Cities - Statistics

General Stats
  • This quiz has been taken 22 times
  • The average score is 11 of 15
Answer Stats
Question Answer % Correct
Antwerp & Aalst Belgium
100%
Alexandria & Asyut Egypt
100%
Athens & Acharnes Greece
95%
Amsterdam & Almere Stad Netherlands
95%
Austin & Albuquerque United States of America
95%
Aku & Azare Nigeria
91%
Augsburg & Altona Germany
86%
Aberdeen & Archway United Kingdom
86%
Adelaide & Armadale Australia
82%
Anan & Asaka Japan
77%
Abottsford & Anmore Canada
64%
Allahabad & Amritsar India
50%
Apucarana & Araguaina Brazil
41%
Altay & Ankang China
23%
Abakan & Admiralteisky Russia
18%
No matching quizzes found
Score Distribution
Percent of People with Each Score
Percentile by Number Answered
Your Score History
You have not taken this quiz